| 000 | 00530nam a2200169Ia 4500 | ||
|---|---|---|---|
| 003 | GCL | ||
| 008 | 140319s9999 xx 000 0 ara d | ||
| 040 |
_aGCL / _cGCL |
||
| 082 | 0 | 4 |
_a370.7 _bا ت |
| 100 | 1 | _aاحمد اسماعيل حجى | |
| 245 | 1 | 0 |
_aالتربية المقارنة / _cاحمد اسماعيل حجى |
| 260 |
_aالقاهرة : _bدار النهضة العربية ، _c1990 |
||
| 300 |
_a544 ص ؛ _c24 سم |
||
| 650 | 0 | 4 | _aالتربية |
| 650 | 0 | 4 | _aالتربية المقارنة |
| 942 |
_2ddc _cBK |
||
| 999 |
_c32931 _d32931 |
||